|
|
แสดงรายละเอียดบรรณานุกรม |
|
|
Brief Record
: Get Marc (ISO 2709)
: E-mail record
: |
|
|
| LEADER 00000nam 2200000uu 4500 | |||
| 001 212899 | |||
| 003 ULIBM | |||
| 008 200618s||||||||th 000 0 tha d | |||
| 020 ^a9789740336907 | |||
| 041 ^atha^beng | |||
| 060 04 ^aWA400^bอ176ก 2561 | |||
| 100 0 ^aอนามัย ธีรวิโรจน์ เทศกะทึก | |||
| 245 10 ^aการจัดบริการทางอาชีวอนามัยและสวัสดิการในสถานประกอบการ =^bOccupational health service and welfare in workplace /^cอนามัย ธีรวิโรจน์ เทศกะทึก. | |||
| 246 31 ^aOccupational Health Service and Welfare in Workplace | |||
| 250 ^aพิมพ์ครั้งที่ 1 | |||
| 260 ^aกรุงเทพฯ :^bสำนักพิมพ์แห่งจุฬาลงกรณ์มหาวิทยาลัย,^c2561 | |||
| 300 ^a428 หน้า :^bภาพประกอบ ;^c26 ซม. | |||
| 650 4 ^aความปลอดภัยในการทำงาน | |||
| 650 4 ^aบริการอาชีวอนามัย | |||
| 650 4 ^aอนามัยสิ่งแวดล้อม | |||
| 650 4 ^aอาชีวอนามัย | |||
| 999 ^aใช้งานได้ทุกระบบ | |||
| คุณยังไม่ได้ล็อกอิน คุณสามารถมีกิจกรรมร่วมกับเว็บไซต์ได้ แต่ต้องล็อกอินก่อน :: |
|
| สถานะ | |||||||||
| 1. | การพยาบาล (ตำราหลัก) | WA400 อ176ก 2561 ฉ.1 | On Shelf ขอยืม | ||||||
| Note:จัดซื้อปีงบประมาณ 2563 | |||||||||
| 2. | การพยาบาล (ตำราหลัก) | WA400 อ176ก 2561 ฉ.2 | On Shelf ขอยืม | ||||||
| Note:จัดซื้อปีงบประมาณ 2563 | |||||||||
| 3. | การพยาบาล (ตำราหลัก) | WA400 อ176ก 2561 ฉ.3 | On Shelf ขอยืม | ||||||
| Note:จัดซื้อปีงบประมาณ 2563 | |||||||||
| 4. | การพยาบาล (ตำราหลัก) | WA400 อ176ก 2561 ฉ.4 | On Shelf ขอยืม | ||||||
| Note:จัดซื้อปีงบประมาณ 2563 | |||||||||
| 5. | การพยาบาล (ตำราหลัก) | WA400 อ176ก 2561 ฉ.5 | On Shelf ขอยืม | ||||||
| Note:จัดซื้อปีงบประมาณ 2563 | |||||||||
| 6. | การพยาบาล (ตำราหลัก) | WA400 อ176ก 2561 ฉ.6 | On Shelf ขอยืม | ||||||
| Note:จัดซื้อปีงบประมาณ 2563 | |||||||||
| 7. | การพยาบาล (ตำราหลัก) | WA400 อ176ก 2561 ฉ.7 | On Shelf ขอยืม | ||||||
| Note:จัดซื้อปีงบประมาณ 2563 | |||||||||
| 8. | การพยาบาล (ตำราหลัก) | WA400 อ176ก 2561 ฉ.8 | On Shelf ขอยืม | ||||||
| Note:จัดซื้อปีงบประมาณ 2563 | |||||||||
| 9. | การพยาบาล (ตำราหลัก) | WA400 อ176ก 2561 ฉ.9 | On Shelf ขอยืม | ||||||
| Note:จัดซื้อปีงบประมาณ 2563 | |||||||||
| 10. | การพยาบาล (ตำราหลัก) | WA400 อ176ก 2561 ฉ.10 | On Shelf ขอยืม | ||||||
| Note:จัดซื้อปีงบประมาณ 2563 | |||||||||
| [แสดง 10/10 รายการ] | |||||||||
BibComment |
| คอมเมนท์ทรัพยากรรายการนี้ |
|
|